Seven Word Hints for Seven Letter Films Quiz Stats

 Plays Quiz Updated Jun 5, 2019

Score 0/24 Timer 02:30
44 Plays Today
% Correct
Aladdin
97%
Titanic
96.8%
Gravity
94.3%
Dracula
93.4%
Iron Man
89.9%
Robocop
89.9%
Amadeus
87%
Platoon
86.1%
Rain Man
86.1%
Vertigo
85.7%
Tangled
85.6%
Cabaret
83.2%
% Correct
The Blob
81.9%
Die Hard
81.9%
Jumanji
81.4%
The Omen
78%
Memento
73%
Tremors
70.8%
Bullitt
69.3%
Sin City
68.6%
Roxanne
67.8%
Traffic
67.8%
Network
65.6%
Rebecca
57.8%

You're not logged in!

Compare scores with friends on all Sporcle quizzes.
OR
Log In

Sporcle TV

Today on Sporcle TV


Watch our educational content, quiz creation guides, and fun videos on Sporcle TV.

Show Comments

Extras

Top Quizzes Today


Score Distribution

Your Account Isn't Verified!

In order to create a playlist on Sporcle, you need to verify the email address you used during registration. Go to your Sporcle Settings to finish the process.

Report this User

Report this user for behavior that violates our Community Guidelines.

Details: